Sports Quiz

Random Sports or Soccer Quiz

2000s England Forwards Quiz Stats

 Plays Quiz Updated Mar 19, 2018

Challenge
Share
Tweet
Embed
Score 0/22 Timer 06:00
1 Play Today
Total Caps Player % Correct
119Wayne Rooney
97.6%
89Michael Owen
91.8%
57Jermain Defoe
86.2%
63Alan Shearer
86%
42Peter Crouch
81%
62Emile Heskey
79.4%
15Andrew Cole
74.9%
7Carlton Cole
74.1%
51Teddy Sheringham
71.3%
26Robbie Fowler
70.2%
19Alan Smith
68.4%
Total Caps Player % Correct
13Darren Bent
66.7%
47Theo Walcott
64.3%
3Gabriel Agbonlahor
55.3%
8Kevin Phillips
54.5%
8Andrew Johnson
49.8%
1Francis Jeffers
45.1%
1David Nugent
44.7%
22Darius Vassell
37.2%
5James Beattie
37%
1Dean Ashton
29%
1Michael Ricketts
27.6%

You're not logged in!

Compare scores with friends on all Sporcle quizzes.
Join for Free
OR
Log In

You Might Also Like...

Show Comments

Extras

Top Quizzes Today


Score Distribution

Your Account Isn't Verified!

In order to create a playlist on Sporcle, you need to verify the email address you used during registration. Go to your Sporcle Settings to finish the process.

Report this User

Report this user for behavior that violates our Community Guidelines.

Details: